Core English two : English for speakers of other languages /

Bibliographic Details
Other Authors: Slager, William R.
Format: Kit Book
Language:English
Published: Lexington, Mass. : Ginn and Company, [1971]
Subjects:

MARC

Tag First Indicator Second Indicator Subfields
LEADER 00000com a2200000 a 4500
001 in00000090591
005 20151008065713.0
008 821012s1971 ma 00000 eng d
020 |a 0663248272 
035 |a (OCoLC)08864662 
035 |9 AAK6424AM 
040 |a TXA  |c TXA  |d UtOrBLW 
049 |a TXAV  |c [A05950312] 
090 |a PE1128  |b .C71 
245 0 0 |a Core English two :  |b English for speakers of other languages /  |c senior author, William R. Slager. 
264 1 |a Lexington, Mass. :  |b Ginn and Company,  |c [1971] 
264 4 |c ©1971 
300 |a 150 picture cards, 6 puppets, 1 sound disc., 1 teacher's manual, 16 wall charts, 20 workbooks, 2 songs & games books ;  |c in container 26 x 20 x 2 cm. 
336 |a other  |b xxx  |2 rdacontent 
337 |a unmediated  |b n  |2 rdamedia 
338 |a other  |b nz  |2 rdacarrier 
500 |a Intended audience: grade 1 
500 |a Kit. 
650 0 |a English language  |x Study and teaching  |x Foreign speakers. 
700 1 |a Slager, William R. 
999 |a MARS 
999 f f |s edfd395e-b7e1-358d-8dc7-ce3f73943716  |i 15875729-d790-3123-9841-3b3a4e6596fb  |t 0